000 00225nam a22000857a 4500
008 160916b xxu||||| |||| 00| 0 eng d
100 _9558
_aBatra.H.etal
245 _aOur Enivironment-4
260 _aNew Delhi
_bP.B publications
_c2011
999 _c3215
_d3215